Statistics for コモディイイダの店舗

Click here to take the quiz!

General Stats

  • This quiz has been taken 8 times
  • The average score is 25 of 89

Answer Stats

都道府県市区町村店舗名% Correct
埼玉県三郷市三郷店
86%
埼玉県吉川市吉川店
86%
東京都三鷹市三鷹店
71%
埼玉県さいたま市南浦和店
71%
東京都東村山市東村山店
71%
埼玉県朝霞市朝霞店
71%
埼玉県朝霞市北朝霞店
71%
埼玉県春日部市春日部店
71%
埼玉県川口市西川口店
71%
埼玉県さいたま市北浦和店
71%
埼玉県越谷市越谷店
71%
埼玉県鶴ヶ島市鶴ヶ島店
71%
千葉県野田市野田店
71%
千葉県流山市流山店
71%
埼玉県春日部市豊春店
57%
東京都荒川区町屋店
57%
埼玉県川越市上福岡店
57%
東京都中野区中野店
57%
埼玉県川口市蕨店
43%
埼玉県川口市東川口店
43%
埼玉県さいたま市東浦和店
43%
埼玉県川越市新河岸店
43%
埼玉県春日部市北春日部店
43%
千葉県市川市南行徳店
43%
埼玉県ふじみ野市大井店
43%
千葉県松戸市新松戸店
43%
東京都多摩市聖蹟桜ヶ丘店
43%
東京都練馬区氷川台店
43%
茨城県古河市古河駅前店
43%
東京都板橋区上板橋店
43%
東京都北区北赤羽店
43%
東京都板橋区高島平店
43%
東京都江戸川区平井店
29%
東京都葛飾区金町店
29%
埼玉県さいたま市東大宮店
29%
埼玉県坂戸市坂戸にっさい店
29%
東京都多摩市永山店
29%
埼玉県川口市鳩ヶ谷店
29%
東京都練馬区中村橋店
29%
東京都練馬区大泉店
29%
千葉県松戸市北小金店
29%
東京都北区東十条店
29%
東京都豊島区池袋立教通り店
29%
千葉県松戸市馬橋店
29%
東京都足立区舎人店
14%
東京都板橋区ハッピーロード大山店
14%
埼玉県川口市仲町店
14%
千葉県松戸市松戸新田店
14%
東京都板橋区徳丸店
14%
東京都板橋区宮本町店
14%
東京都江戸川区北葛西店
14%
埼玉県川口市南鳩ヶ谷店
14%
東京都江戸川区西一之江店
14%
東京都江戸川区西瑞江店
14%
東京都江東区食彩館亀戸店
14%
埼玉県川口市川口リプレ店
14%
東京都北区滝野川店
14%
埼玉県川口市川口東口店
14%
東京都足立区鹿浜店
14%
東京都文京区江戸川橋店
14%
東京都葛飾区小菅店
14%
埼玉県朝霞市東朝霞店
14%
埼玉県川口市安行店
14%
東京都墨田区東向島店
14%
埼玉県川口市川口芝店
14%
東京都多摩市聖蹟和田店
14%
東京都中野区沼袋店
0%
東京都足立区竹の塚東店
0%
東京都足立区西保木間店
0%
東京都荒川区西尾久店
0%
東京都板橋区赤塚新町店
0%
東京都豊島区西巣鴨店
0%
埼玉県ふじみ野市南台店
0%
埼玉県ふじみ野市築地店
0%
東京都板橋区食彩館桜川店
0%
東京都板橋区幸町店
0%
埼玉県さいたま市南浦和東口店
0%
埼玉県朝霞市朝霞仲町店
0%
埼玉県さいたま市七里店
0%
埼玉県さいたま市芝原店
0%
東京都板橋区東新町店
0%
東京都大田区東糀谷店
0%
東京都板橋区徳丸西台店
0%
東京都江戸川区平井北口店
0%
東京都江戸川区西瑞江環七店
0%
埼玉県川口市東領家店
0%
東京都杉並区浜田山店
0%
埼玉県川口市榛松店
0%
東京都足立区小台店
0%

Score Distribution

Percentile by Number Answered

Percent of People with Each Score

Your Score History

You have not taken this quiz